CONCEPTS OF PHYSICS (Record no. 11779)

MARC details
000 -LEADER
fixed length control field 00297nam a2200121Ia 4500
008 - FIXED-LENGTH DATA ELEMENTS--GENERAL INFORMATION
fixed length control field 240624s9999 xx 000 0 und d
041 ## - LANGUAGE CODE
Language code of text/sound track or separate title eng
082 ## - DEWEY DECIMAL CLASSIFICATION NUMBER
Classification number 530 VER
100 ## - MAIN ENTRY--PERSONAL NAME
Personal name VERMA H C
245 ## - TITLE STATEMENT
Title CONCEPTS OF PHYSICS
260 ## - PUBLICATION, DISTRIBUTION, ETC.
Date of publication, distribution, etc. 2008
Place of publication, distribution, etc. New Delhi
Name of publisher, distributor, etc. Bharti Bhawan
300 ## - PHYSICAL DESCRIPTION
Extent 462 : p. : cm. ; 27
Holdings
Withdrawn status Lost status Damaged status Not for loan Home library Current library Shelving location Date acquired Full call number Barcode Date last seen Price effective from Koha item type
        IMTN IMTN Rack 19-A 11/26/2008 530 VER 11779 06/24/2024 06/24/2024 Books
Designed & Maintained by: LRC IMT Nagpur Contact: lrc@imtnag.ac.in© 2024. All Rights Reserved.